00627nam a22001937a 450000500170000002000350001704000350005208200200008710000180010724501010012525000120022626000500023830000380028850400180032652000220034454600090036665000220037565000360039720251201131558.0 a9788175347564cTZS 29,204.29/= aMCCLbeng.eAACR 2nd. rev. ed. a346.0820285 SHA aSharma, B. R. aBank frauds : bprevention & detection, including computer & credit cards crimesc/ B. R. Sharma a3rd ed. a New Delhi :bUniversal Law Pub. Co.,cc2009. axxxvi, 566 p. : bill. ; c25 cm. aInclude index aIn Indian context aeng. aBank fraudzIndia aBanking law criminal provisions